000 01213cam a22002294a 4500
005 20250605163951.0
008 250528s ||||||||||||||||||||||||d
035 _a15378
020 _a70334439
040 _aGR-AtMCL
_bgre
_dGR-AtMCL
_eAACR2
245 1 _aOrganization and Management / A Systems and Contingency Approach: Fourth Edition
250 _a4th
260 _bMcgraw Hill Book Company,
_c1985
300 _a720
505 0 _aPreface, Conceptual Foundations, Evolution of Organization and Management Theory, Environment and Social Responsibility and Goals, Technology and Structure, The Phychosocial System, The Managerial System, Comparative Analysis, Change and Challenge and the Future, Bibliography, Epilogue, Name and Subject Index.
520 _aPreface, Conceptual Foundations, Evolution of Organization and Management Theory, Environment and Social Responsibility and Goals, Technology and Structure, The Phychosocial System, The Managerial System, Comparative Analysis, Change and Challenge and the Future, Bibliography, Epilogue, Name and Subject Index.
700 1 _aKast E. Fremont
_91284
700 1 _aRosenzweig E. James
_91285
942 _cBK
999 _c964
_d964